00599cam a22002177a 4500003000500000005001700005008004100022010000800063011000900071035000800080040000900088082001900097100002200116245004800138260004200186300002400228500006900252650001600321650002400337700002000361CHAP20220329132946.0971013s1986 r 00010 d a662 a1634 a810 cCHAP a550bL44Y 198300aLegget, Robert F. 0aGeología aplicada a la ingeniería civil aMèxico, D. F. :bMcGraw-Hill,c1986 ac.a 900 p.b: ilus. aTrad. de: Handbookk of geology in civil engineering, 3 ed. 1983.14aGeología.14aIngeniería civil.0 aKarrow, Paul F.